| 000 | 00624nam a2200181Ia 4500 | ||
|---|---|---|---|
| 008 | 100920s9999 xx 000 0 und d | ||
| 082 |
_b83526 _a24 न 03 |
||
| 100 | _aभारव्दाज शीतांशु. | ||
| 245 | _aजुडवां पति पत्नी. | ||
| 260 |
_bइण्डियन बुक-बैंक , नई दिल्ली. _c2003 |
||
| 300 |
_a192 _bसाधी |
||
| 365 | _b200 | ||
| 520 | _aसायो. | ||
| 630 | _aजुडवां पति पत्नी. | ||
| 650 | _aसायो. | ||
| 730 | _aजुडवां पति पत्नी. | ||
| 942 | _cBOOK | ||
| 999 |
_c724150 _d724147 |
||